000 00800cab a2200241 4500
001 WB3318-13
008 090401t1997 xxu||||| |||| 00| 0 eng d
035 _a(Sirsi) u78255
041 _aeng
245 _aInterest rate rise
260 _c1997
350 _a0
490 _aRICS Press Release
_v(PR45/res) 6 May 1997 (2)
520 _aThe RICS says that the latest interest rate rise will do little to harm the housing market, but any further rises, if coupled with the abolition of MIRAS, would leave thousands of homeowners worse off and widen the north-south divide.
650 _aHOUSE PRICES
650 _aINTEREST RATE RISE
650 _aINTEREST RATES
650 _aNORTH SOUTH DIVIDE
650 _aRICS
690 _aECONOMIC AND SOCIAL
942 _n0
948 _c08/05/1997
999 _c49255
_d49255